Fond zamestnanosti

Úplné znenie zákona Národnej rady SR č.10/1993 Z.z. o Fonde zamestnanosti SR, ako vyplýva zo zmien a doplnení neskorších zákonov, s výkladom.

Gespeichert in:
Bibliographische Detailangaben
1. Verfasser: Matlák, Ján
Format: Buchkapitel
Sprache:Slowakisch
Schlagworte:
Tags: Tag hinzufügen
Keine Tags, Fügen Sie das erste Tag hinzu!

MARC

LEADER 00000naa a2200000 4500
001 r024955
005 20221213095501.3
041 0 |a slo 
044 |a SK 
245 1 0 |a Fond zamestnanosti  |c Ján Matlák 
520 |a Úplné znenie zákona Národnej rady SR č.10/1993 Z.z. o Fonde zamestnanosti SR, ako vyplýva zo zmien a doplnení neskorších zákonov, s výkladom. 
610 2 0 |a zákony 
610 2 0 |a komentáre 
610 2 0 |a Slovensko 
610 2 0 |a 1993 
610 2 0 |a Fond zamestnanosti SR Bratislava 
610 2 0 |a inštitúcie verejnoprávne 
100 1 |a Matlák, Ján